Govt. of
Madhya Pradesh

Bricks and Mortar for Educational Reform (Record no. 68616)

MARC details
000 -LEADER
fixed length control field 00255nam a22001097a 4500
082 ## - DEWEY DECIMAL CLASSIFICATION NUMBER
Classification number 370/WAS
100 ## - MAIN ENTRY--AUTHOR NAME
Personal name Wasi,Muriel
245 ## - TITLE STATEMENT
Title Bricks and Mortar for Educational Reform
260 ## - PUBLICATION, DISTRIBUTION, ETC. (IMPRINT)
Place of publication Delhi
Name of publisher LG Pub.
Year of publication 2021
650 ## - SUBJECT ADDED ENTRY--TOPICAL TERM
Topical Term Education
942 ## - ADDED ENTRY ELEMENTS (KOHA)
Koha item type Books
Holdings
Withdrawn status Lost status Damaged status Not for loan Home library Current library Date acquired Cost, normal purchase price Full call number Accession Number Price effective from Koha item type
        MACL MACL 11/02/2026 495.00 370/WAS CRE040387 11/02/2026 Books